| 000 | 01201cam a2200217 4500 | ||
|---|---|---|---|
| 001 | WB4020-15 | ||
| 008 | 040525n2004 000 0 eng u | ||
| 035 | _a(Sirsi) u126288 | ||
| 245 | _aFixing regional regeneration disparity | ||
| 260 | _c2004 | ||
| 490 |
_aPlanning (for the Natural and Built Environment) _v(1570) 21 May 2004, 5(1) |
||
| 520 | _a"Social cohesion", a report by the ODPM housing, planning, local government and the regions committee, recommends that regeneration schemes should tackle needs across districts rather than target small local areas and a spending balance should be set between the two. The study also finds that local authorities need greater incentives to break down barriers between communities and advises that local strategic partnerships could play a key role in co-ordinating initiatives to promote social cohesion. The report is available at http://www.publications.parliament.uk/pa/cm200304/ cmselect/cmodpm/45/45.pdf | ||
| 590 | _aWB | ||
| 590 | _aWB | ||
| 650 | _aLOCAL STRATEGIC PARTNERSHIPS | ||
| 650 | _aSOCIAL COHESION | ||
| 650 | _aREGIONAL DEVELOPMENT AGENCIES | ||
| 650 | _aREGIONAL DIFFERENCES | ||
| 690 | _aREGENERATION | ||
| 942 | _n0 | ||
| 999 |
_c117398 _d117398 |
||